Identification of Training Needs & Preparation of Training Calendar (Record no. 97245)

MARC details
000 -LEADER
fixed length control field 00417nam a2200145Ia 4500
008 - FIXED-LENGTH DATA ELEMENTS--GENERAL INFORMATION
fixed length control field 230128s9999 xx 000 0 und d
041 ## - LANGUAGE CODE
Language code of text/sound track or separate title eng
082 ## - DEWEY DECIMAL CLASSIFICATION NUMBER
Classification number GOV PR0479
Item number GOV
100 ## - MAIN ENTRY--PERSONAL NAME
Personal name Govardhan Bhakti - 2K101062
9 (RLIN) 118947
245 ## - TITLE STATEMENT
Title Identification of Training Needs & Preparation of Training Calendar
260 ## - PUBLICATION, DISTRIBUTION, ETC. (IMPRINT)
Date of publication, distribution, etc. 2012
Name of publisher, distributor, etc. Pune University
Place of publication, distribution, etc. Pune
300 ## - PHYSICAL DESCRIPTION
Extent 54p
502 ## - DISSERTATION NOTE
Name of granting institution Jadhav Geeta

No items available.